[Event "Lorca op 12th"]
[Site "Lorca"]
[Date "2023.12.27"]
[Round "3"]
[White "Ceres, Dragos"]
[Black "Salvador Buiza, Victor"]
[Result "1-0"]
[WhiteElo "2438"]
[BlackElo "2122"]
[PlyCount "81"]
[EventDate "2023.12.26"]
[EventType "swiss"]
[EventRounds "9"]
[EventCountry "ESP"]
[SourceTitle "CB01_2024"]
[SourceDate "2024.01.03"]
[SourceVersion "1"]
[SourceVersionDate "2024.01.03"]
[SourceQuality "1"]

1. e4 c5 2. Nf3 d6 3. d4 cxd4 4. Nxd4 Nf6 5. Nc3 Nc6 6. f3 e5 7. Nb3 Be6 8. Nd5 Be7 9. Be3 0-0 10. c4 Rc8 11. Qd2 Ne8 12. Rd1 f5 13. exf5 Bxf5 14. c5 Nd4 15. Bxd4 exd4 16. Nxd4 dxc5 17. Nxf5 Rxf5 18. Qe3 Bh4+ 19. g3 Qd6 20. Nc3 Qe7 21. Qxe7 Bxe7 22. Bh3 Re5+ 23. Kf2 Rd8 24. f4 Rh5 25. Be6+ Kf8 26. Rxd8 Bxd8 27. Kg2 Rh6 28. Bb3 Bf6 29. Ne4 b6 30. Rd1 Bd4 31. Ng5 Nc7 32. a4 Ke7 33. Re1+ Kd7 34. Re2 Rc6 35. Nxh7 c4 36. Bc2 Nd5 37. Nf8+ Kd6 38. Be4 Kc5 39. Nd7+ Kd6 40. Rd2 c3 41. bxc3 1-0

[Event "Venice Autumn 27th"]
[Site "Venice ITA"]
[Date "2023.10.15"]
[Round "4"]
[White "Ceres, Dragos"]
[Black "Vincenti, Leonardo"]
[Result "1-0"]
[WhiteElo "2446"]
[BlackElo "2196"]
[PlyCount "107"]
[EventDate "2023.10.13"]
[EventType "tourn"]
[EventRounds "5"]
[EventCountry "ITA"]
[SourceTitle "Mega2024 Update 01"]
[Source "Chessbase"]
[SourceDate "2023.11.12"]
[SourceVersion "1"]
[SourceVersionDate "2023.11.12"]
[SourceQuality "1"]

1. e4 c5 2. Nf3 d6 3. d4 cxd4 4. Nxd4 Nf6 5. Nc3 a6 6. Bd3 e5 7. Nde2 Be7 8. 0-0 Nbd7 9. Ng3 Nc5 10. Bg5 Be6 11. Nf5 Bxf5 12. exf5 0-0 13. Bxf6 Bxf6 14. Qf3 Re8 15. Be4 Qb6 16. Rab1 Nxe4 17. Qxe4 Qc6 18. Nd5 Rac8 19. c3 Qc4 20. Qxc4 Rxc4 21. Rfd1 Bg5 22. g3 g6 23. h4 Bd8 24. Rd2 Rc6 25. fxg6 hxg6 26. Rbd1 Re6 27. Kg2 f5 28. Kf3 Kg7 29. Rh1 a5 30. a3 e4+ 31. Ke2 Re5 32. Rhd1 g5 33. hxg5 Bxg5 34. Rd4 Re6 35. Rh1 Rh6 36. Rhd1 Kf7 37. Ra4 Bd8 38. Ne3 Ke6 39. g4 fxg4 40. Rxe4+ Kd7 41. Nxg4 Re6 42. Ne5+ Kc7 43. Nxc6 Rxe4+ 44. Kf3 Re8 45. Nxa5 Bh4 46. Rd2 Bg5 47. Re2 Rf8+ 48. Kg4 Rg8 49. Kf3 d5 50. Nb3 Rg6 51. Nd4 Bc1 52. Rc2 Bh6 53. Nf5 Bf8 54. Re2 1-0

[Event "Isola del Sole op"]
[Site "Grado"]
[Date "2023.09.29"]
[Round "8"]
[White "Pap, Gyula"]
[Black "Ceres, Dragos"]
[Result "1/2-1/2"]
[WhiteElo "2432"]
[BlackElo "2453"]
[PlyCount "21"]
[EventDate "2023.09.23"]
[EventType "swiss"]
[EventRounds "9"]
[EventCountry "ITA"]
[SourceTitle "EXT 2024"]
[Source "ChessBase"]
[SourceDate "2023.10.10"]
[SourceVersion "1"]
[SourceVersionDate "2023.10.10"]
[SourceQuality "1"]

1. e4 c5 2. Nc3 d6 3. Nf3 Nf6 4. d4 cxd4 5. Qxd4 Nc6 6. Qe3 g6 7. h3 Bg7 8. Bc4 0-0 9. 0-0 Qc7 10. Qe2 a6 11. a4 1/2-1/2

[Event "La Giostra della Rocca"]
[Site "Monselice"]
[Date "2023.09.10"]
[Round "5"]
[White "Brunello, Sabino"]
[Black "Ceres, Dragos"]
[Result "0-1"]
[WhiteElo "2499"]
[BlackElo "2453"]
[PlyCount "76"]
[EventDate "2023.09.10"]
[EventType "tourn"]
[EventRounds "9"]
[EventCountry "ITA"]
[EventCategory "9"]
[SourceTitle "EXT 2024"]
[Source "ChessBase"]
[SourceDate "2023.10.10"]
[SourceVersion "1"]
[SourceVersionDate "2023.10.10"]
[SourceQuality "1"]

1. d4 d5 2. Nf3 e6 3. e3 c5 4. b3 Nc6 5. Bd3 Nf6 6. 0-0 Bd6 7. dxc5 Bxc5 8. Bb2 0-0 9. a3 b6 10. Nbd2 Bb7 11. c4 d4 12. exd4 Nxd4 13. b4 Nxf3+ 14. Nxf3 Be7 15. Ne5 a5 16. Qb3 Qc7 17. Rae1 Rad8 18. Re3 Bd6 19. Rfe1 axb4 20. axb4 Rfe8 21. Rh3 h6 22. Bb1 Rc8 23. Rxh6 gxh6 24. Qg3+ Kf8 25. Qf4 Ke7 26. Ng6+ fxg6 27. Qxf6+ Kd7 28. Bxg6 Qxc4 29. Bxe8+ Rxe8 30. Be5 Qd5 31. f3 Bxb4 32. Ra1 Bc5+ 33. Kh1 Rf8 34. Qg7+ Be7 35. Rc1 Bc6 36. Ra1 Ra8 37. Rc1 Qd2 38. Rg1 Qg5 0-1

[Event "Trieste op 25th"]
[Site "Trieste"]
[Date "2023.09.03"]
[Round "2"]
[White "Ceres, Dragos"]
[Black "Marchesich, Giovanni"]
[Result "1/2-1/2"]
[WhiteElo "2453"]
[BlackElo "2206"]
[PlyCount "51"]
[EventDate "2023.09.02"]
[EventType "swiss"]
[EventRounds "9"]
[EventCountry "ITA"]
[SourceTitle "EXT 2024"]
[Source "ChessBase"]
[SourceDate "2023.10.10"]
[SourceVersion "1"]
[SourceVersionDate "2023.10.10"]
[SourceQuality "1"]

1. e4 c6 2. d4 d5 3. exd5 cxd5 4. Bd3 Nc6 5. c3 Qc7 6. h3 e6 7. Nf3 Bd6 8. 0-0 Nge7 9. Re1 0-0 10. Bxh7+ Kxh7 11. Ng5+ Kg6 12. Qg4 f5 13. Qh4 f4 14. Qg4 e5 15. Ne6+ Kf7 16. Nxc7 Bxg4 17. Nb5 Bb8 18. hxg4 a6 19. N5a3 exd4 20. Nd2 dxc3 21. bxc3 Ne5 22. Nf3 Nxf3+ 23. gxf3 Ng6 24. Rd1 Be5 25. Bb2 Rfd8 26. Rd3 1/2-1/2

[Event "Casablanca Mohammed op 4th"]
[Site "Casablanca"]
[Date "2023.08.14"]
[Round "1"]
[White "Pichot, Alan"]
[Black "Ceres, Dragos"]
[Result "1-0"]
[WhiteElo "2642"]
[BlackElo "2434"]
[PlyCount "99"]
[EventDate "2023.08.14"]
[EventType "swiss"]
[EventRounds "9"]
[EventCountry "MAR"]
[SourceTitle "CBM 215 Extra"]
[Source "ChessBase"]
[SourceDate "2023.09.30"]
[SourceVersion "1"]
[SourceVersionDate "2023.09.30"]
[SourceQuality "1"]

1. e4 c5 2. Nf3 d6 3. d4 cxd4 4. Nxd4 Nf6 5. Nc3 a6 6. Bd3 e5 7. Nde2 Be7 8. 0-0 0-0 9. Ng3 Be6 10. Nd5 Nxd5 11. exd5 Bxd5 12. Bxh7+ Kxh7 13. Qxd5 Nc6 14. f4 f5 15. Be3 g6 16. Rad1 Qe8 17. Ne2 Qf7 18. Nc3 e4 19. Qxf7+ Rxf7 20. Nd5 Bf8 21. c4 a5 22. b3 Nb4 23. Nxb4 axb4 24. Rf2 Ra5 25. Rc2 Rd7 26. Rd5 Rxd5 27. cxd5 Bg7 28. Rc8 Bc3 29. a4 Kg7 30. Kf2 Kf7 31. Bb6 Kf6 32. Ke3 g5 33. Bd8+ Rxd8 34. Rxd8 gxf4+ 35. Ke2 Ke5 36. Rb8 Kxd5 37. Rxb7 Ke6 38. a5 d5 39. Rb8 d4 40. Rd8 Ke7 41. a6 Kxd8 42. a7 d3+ 43. Kd1 Ke7 44. a8Q Kf6 45. h4 Ke5 46. Qe8+ Kd4 47. Qd7+ Ke3 48. Qxf5 f3 49. gxf3 exf3 50. h5 1-0